| 000 | 00673nam0a22002411 4500 | ||
|---|---|---|---|
| 001 | RU\NLR\INFOCOMM5\ROSSICA\1000307290 | ||
| 005 | 20250613193941.0 | ||
| 035 | _a(NLR Aleph) 009983125 | ||
| 090 |
_a9704403 _c9704403 |
||
| 100 | _a20030915d1871 |||y0rusy50 ca | ||
| 101 | 0 | _ager | |
| 102 | _aRU | ||
| 105 | _ay ||||000ay | ||
| 200 | 1 |
_aAlois und der Bücherdiebstahl aus der kaiserl. öffentl. Bibliothek in St. Petersburg _fPichler, Dr. |
|
| 210 |
_aSpb. _d1871 |
||
| 700 | 1 |
_aPichler _bA. _gAlois _4070 |
|
| 801 | 1 |
_aRU _bInfoComm _c20030915 |
|
| 801 | 0 |
_aRU _bNLR _gPSBO |
|
| 852 |
_aNLR _j12.43.4.117 |
||
| 942 | _cBOOK | ||
| 980 | _aNB | ||
| 980 | _aRossica | ||